Finančné a nefinančné faktory ovplyvňujúce rozhodovanie využitia výrobných liniek
Finančná výkonnosť vybraného podnikateľského subjektu a odporúčania pre ďalšie smerovanie podniku.
Enregistré dans:
| Auteur principal: | |
|---|---|
| Autres auteurs: | , |
| Format: | Chapitre de livre |
| Langue: | slovaque |
| Sujets: | |
| Tags: |
Pas de tags, Soyez le premier à ajouter un tag!
|
MARC
| LEADER | 00000naa$a2200000$$$4500 | ||
|---|---|---|---|
| 001 | 0281287 | ||
| 005 | 20240502074356.1 | ||
| 041 | 0 | |a slo | |
| 044 | |a SK | ||
| 245 | 1 | 0 | |a Finančné a nefinančné faktory ovplyvňujúce rozhodovanie využitia výrobných liniek |c Zuzana Kudlová, Jana Vajdová, Jiří Kubesa |
| 520 | |a Finančná výkonnosť vybraného podnikateľského subjektu a odporúčania pre ďalšie smerovanie podniku. | ||
| 610 | 2 | 0 | |a výkonnosť podniku |
| 610 | 2 | 0 | |a financie |
| 610 | 2 | 0 | |a analýza finančná |
| 610 | 2 | 0 | |a ukazovatele finančné |
| 100 | 1 | |a Kudlová, Zuzana, 1986- | |
| 700 | 1 | |a Vajdová, Jana, 1983- | |
| 700 | 1 | |a Kubesa, Jiří | |